Rozpoznaj książkę po opisie #10 - Statystyki

Ogólne statystyki
  • Ten quiz został rozwiązany 18 razy
  • Średni wynik to 6 z 10
Statystyki odpowiedzi
Opis książki Tytuł % Poprawnych
W książce Stanisława Wyspiańskiego opisana jest noc pełna symbolicznych wydarzeń, podczas której dochodzi do zderzenia marzeń i rzeczywistości. Akcja toczy się w wiejskiej chacie, gdzie odbywa się wesele, które staje się miejscem spotkania przedstawicieli różnych warstw społecznych. Sztuka bada narodowe problemy, społeczne podziały oraz marzenia Polaków o wolności, ukazując głęboki kryzys tożsamości narodowej. Wesele
100%
Młoda dziewczynka, która po tragicznej śmierci rodziców trafia do rodziny w Anglii. Tam odkrywa tajemniczy ogród, który staje się miejscem magicznych przemian. Dziewczynka oraz jej nowi przyjaciele – chłopak o złamanym ciele i kochający naturę chłopiec – odnajdują siłę w przyjaźni, miłości do przyrody i wspólnym odkrywaniu życia. Tajemniczy ogród
81%
Komedia, której akcja toczy się w domu dwóch sąsiadów, którzy prowadzą ze sobą zaciętą wojnę. Przypadkowe wtrącanie się innych postaci, dworskie intrygi i plotki prowadzą do sytuacji, w której wybucha nieoczekiwany konflikt. Wszystko to pokazuje, jak łatwo ludzie mogą stać się ofiarami własnych namiętności i egoizmu, nie dostrzegając, że prawdziwym problemem jest ich pycha. Zemsta
81%
Historia chłopca, który wychowywał się w dżungli i musiał walczyć o przetrwanie w świecie pełnym niebezpieczeństw. Spotyka na swojej drodze różne zwierzęta, z których każda staje się jego nauczycielem. Chłopak, stając przed wieloma wyzwaniami, musi odkryć, kim naprawdę jest i znaleźć swoje miejsce w świecie ludzi. Księga dżungli
75%
Saga o łowcy potworów, który zmaga się z moralnymi dylematami w brutalnym świecie, pełnym magii i potworów. Bohater, niegdyś samotny, musi stawić czoła nie tylko bestiom, ale również wyborom, które mają wpływ na losy jego ukochanej i przyszłość świata. Jego historia to połączenie fantastyki, filozoficznych pytań o dobro i zło oraz mitycznych elementów. Wiedźmin
69%
Opowieść o miłości między zwykłą dziewczyną a wampirem. Ich związek jest pełen trudnych wyborów, niebezpieczeństw i nieoczywistych poświęceń. Wampir musi zmierzyć się z własną naturą, a ich miłość zostaje wystawiona na próbę, gdy na drodze stają inne istoty, które nie podzielają ich uczucia. Zmierzch
69%
Historia prostego człowieka o wielkim sercu, który przez przypadek staje się świadkiem i uczestnikiem wielu kluczowych wydarzeń w historii Stanów Zjednoczonych. Jego podróż przez życie, pełną wzlotów i upadków, to opowieść o miłości, przyjaźni i przeznaczeniu, która pokazuje, że życie może być piękne, nawet jeśli nie jest zawsze idealne. Forrest Gump
38%
Książka opowiada historię Santiago, młodego pasterza, który wyrusza w podróż, by znaleźć skarb. Na swojej drodze spotyka wielu ludzi, którzy pomagają mu zrozumieć, że prawdziwym skarbem jest podróż oraz poznanie siebie i swojego przeznaczenia. Książka pełna jest duchowych nauk o odwadze, marzeniach i realizacji własnych pragnień. Alchemik
31%
Opowieść osadzona w średniowieczu, przedstawiająca losy bohatera, który, stając w obliczu wojny, miłości i zdrady, walczy z przeciwnościami losu. Jego walka o honor ojczyzny łączy się z losami jego ukochanej i rodzinnej tragedii. Książka porusza temat narodowego ducha, heroizmu oraz znaczenia poświęcenia w imię większego dobra. Krzyżacy
25%
Opowieść o kobiecie, która zawarła pakt z diabłem, by żyć wiecznie, ale w zamian została skazana na zapomnienie – nikt nie pamięta jej istnienia, a jej życie staje się pasmem niezauważonych chwil. Dopiero po wielu latach spotyka mężczyznę, który ją pamięta, a ich spotkanie zmienia wszystko. Powieść o miłości, tęsknocie i poszukiwaniu sensu życia w niekończącej się egzystencji. Niewidzialne życie Addie LaRue
6%
Nie znaleziono quizów pasujących do podanych kryteriów
Rozkład punktacji
Procent ludzi z każdym wynikiem
Percentyl według liczby udzielonych odpowiedzi
Twoja historia wyników
Nie rozwiązałeś tego quizu